Fundamentals of Structural Analysis with Computer Analysis & Applications (Record no. 8403)
[ view plain ]
| 000 -LEADER | |
|---|---|
| fixed length control field | 00635nam a22001697a 4500 |
| 005 - DATE AND TIME OF LATEST TRANSACTION | |
| control field | 20251128131649.0 |
| 008 - FIXED-LENGTH DATA ELEMENTS--GENERAL INFORMATION | |
| fixed length control field | 251128b |||||||| |||| 00| 0 eng d |
| 020 ## - INTERNATIONAL STANDARD BOOK NUMBER | |
| International Standard Book Number | 9788121921954 |
| 050 ## - LIBRARY OF CONGRESS CALL NUMBER | |
| Classification number | TA645 ROY |
| 100 ## - MAIN ENTRY--PERSONAL NAME | |
| Personal name | Roy, Sujit Kumar |
| 245 ## - TITLE STATEMENT | |
| Title | Fundamentals of Structural Analysis with Computer Analysis & Applications |
| Remainder of title | for B.E/B.Tech in Civil Engineering and also Useful for M.E/M.Tech students |
| Statement of responsibility, etc. | Sujit Kumar Roy & Subrata Chakrabarty |
| 250 ## - EDITION STATEMENT | |
| Edition statement | 2nd ed. |
| Remainder of edition statement | revised |
| 260 ## - PUBLICATION, DISTRIBUTION, ETC. | |
| Place of publication, distribution, etc. | New Delhi |
| Name of publisher, distributor, etc. | S. Chand & Company Limited |
| Date of publication, distribution, etc. | 2009 |
| 300 ## - PHYSICAL DESCRIPTION | |
| Extent | ix. 1014p. |
| Other physical details | ill. |
| Dimensions | 24cm |
| 700 ## - ADDED ENTRY--PERSONAL NAME | |
| Personal name | Chakrabarty, Subrata |
| 942 ## - ADDED ENTRY ELEMENTS (KOHA) | |
| Source of classification or shelving scheme | Library of Congress Classification |
| Koha item type | Books |
| Edition | 2nd ed. |
| Suppress in OPAC | No |
| 999 ## - | |
| -- | 8403 |
| -- | 8403 |
| Withdrawn status | Lost status | Source of classification or shelving scheme | Damaged status | Not for loan | Collection | Home library | Current library | Shelving location | Date acquired | Total checkouts | Full call number | Barcode | Date last seen | Copy number | Price effective from | Koha item type |
|---|---|---|---|---|---|---|---|---|---|---|---|---|---|---|---|---|
| Library of Congress Classification | Non-fiction | Science Library (Miotso) | Science Library (Miotso) | General stacks | 11/28/2025 | TA 645 ROY | SLM00006294 | 11/28/2025 | 1 | 11/28/2025 | Books | |||||
| Library of Congress Classification | Non-fiction | Science Library (Miotso) | Science Library (Miotso) | General stacks | 11/28/2025 | TA 645 ROY | SLM00006295 | 11/28/2025 | 2 | 11/28/2025 | Books | |||||
| Library of Congress Classification | Non-fiction | Science Library (Miotso) | Science Library (Miotso) | General stacks | 11/28/2025 | TA 645 ROY | SLM00006296 | 11/28/2025 | 3 | 11/28/2025 | Books | |||||
| Library of Congress Classification | Non-fiction | Science Library (Miotso) | Science Library (Miotso) | General stacks | 11/28/2025 | TA 645 ROY | SLM00006297 | 11/28/2025 | 4 | 11/28/2025 | Books | |||||
| Library of Congress Classification | Non-fiction | Science Library (Miotso) | Science Library (Miotso) | General stacks | 11/28/2025 | TA 645 ROY | SLM00006298 | 11/28/2025 | 5 | 11/28/2025 | Books | |||||
| Library of Congress Classification | Non-fiction | Science Library (Miotso) | Science Library (Miotso) | General stacks | 11/28/2025 | TA 645 ROY | SLM00006299 | 11/28/2025 | 6 | 11/28/2025 | Books | |||||
| Library of Congress Classification | Non-fiction | Science Library (Miotso) | Science Library (Miotso) | General stacks | 11/28/2025 | TA 645 ROY | SLM00006300 | 11/28/2025 | 7 | 11/28/2025 | Books | |||||
| Library of Congress Classification | Non-fiction | Science Library (Miotso) | Science Library (Miotso) | General stacks | 11/28/2025 | TA 645 ROY | SLM00006301 | 11/28/2025 | 8 | 11/28/2025 | Books |